These Nemesis' are Quite Easy - Statistics

General Stats
  • This quiz has been taken 22 times
  • The average score is 5 of 15
Answer Stats
Hint Answer % Correct
Athens Sparta
94%
Prussia (Franco-Prussian War) France
76%
Finland ("Like snow in your samovar? Try this!") Russia
71%
Carthage (Second Punic War) Rome
59%
CSA USA
59%
Inca Empire Francisco Pizarro
35%
Aztec Empire Hernandez Cortes
35%
Austria (War of the Austrian Succession) Prussia
35%
France Prussia
35%
Russia "Let us hope she will die of something... let us hope.. ." Catherine the Great
18%
Rome ("Shut the gates!") Hannibal
18%
Wales (Longshanks) Edward I
12%
England (Third Twit) Continental Army
0%
Phoenicia (The Levant) Greek Empire
0%
England (End of Britain as such) William I
0%
No matching quizzes found
Score Distribution
Percent of People with Each Score
Percentile by Number Answered
Your Score History
You have not taken this quiz